Estates Times (Record no. 119055)

MARC details
000 -LEADER
fixed length control field 00610cas a22002055a 4500
001 - CONTROL NUMBER
control field L138966
008 - FIXED-LENGTH DATA ELEMENTS--GENERAL INFORMATION
fixed length control field 070719c19911996xxkar p 0 a0eng u
035 ## - SYSTEM CONTROL NUMBER
System control number (Sirsi) u138966
041 0# - LANGUAGE CODE
Language code of text/sound track or separate title eng
240 ## - UNIFORM TITLE
Uniform title East Midlands Property
-- an Estates Times Review
245 00 - TITLE STATEMENT
Title Estates Times
Remainder of title East Midlands Review
260 ## - PUBLICATION, DISTRIBUTION, ETC.
Place of publication, distribution, etc. London
Name of publisher, distributor, etc. Morgan-Grampian
Date of publication, distribution, etc. 1991-1996
362 0# - DATES OF PUBLICATION AND/OR SEQUENTIAL DESIGNATION
Dates of publication and/or sequential designation 19 April 1991-19 April 1996
520 ## - SUMMARY, ETC.
Summary, etc. Supplement to Estates Times
554 ## -
-- One per year
651 #4 - SUBJECT ADDED ENTRY--GEOGRAPHIC NAME
Geographic name East Midlands (England)
690 ## - LOCAL SUBJECT ADDED ENTRY--TOPICAL TERM (OCLC, RLIN)
Topical term or geographic name as entry element PROPERTY-COMMERCIAL PROPERTY
785 00 - SUCCEEDING ENTRY
Title Property Week
International Standard Serial Number 0969-7594
942 ## - ADDED ENTRY ELEMENTS (KOHA)
Suppress in OPAC 0
Holdings
Withdrawn status Lost status Source of classification or shelving scheme Damaged status Not for loan Home library Current library Shelving location Date acquired Total Checkouts Full call number Barcode Date last seen Price effective from Koha item type
    Dewey Decimal Classification     London London Gallery 19/07/2007   PROPERTY WEEK 138966-1001 06/08/2019 06/08/2019 Journal